000 00392nam a2200157Ia 4500
008 230711s9999||||xx |||||||||||||| ||und||
041 _aENG
082 _a624
_bMA-B
100 _aMansfield GL
245 0 _aBidding and estimating procedure for construction
250 _a1st
260 _c1983
_aNew Delhi
_bReston Publication
300 _a254
650 _aCivil Engineering
942 _cBK
999 _c1648
_d1648